000 02963cam a2200337 a 4500
003 EG-GiCUC
005 20250223031959.0
008 180424s2017 ua d f m 000 0 eng d
040 _aEG-GiCUC
_beng
_cEG-GiCUC
041 0 _aeng
049 _aDeposite
097 _aM.Sc
099 _aCai01.17.03.M.Sc.2017.Hi.F
100 0 _aHind Ismail Ali Mohammed
245 1 0 _aFactors contributing to career change among nurses working in different sohag city hospitals /
_cHind Ismail Ali Mohammed ; Supervised Mahasen Ismail Abdelmegeed , Nadia Mohamed Ali Saleh
246 1 5 _aالعوامل المؤدية إلي تغيير المهنة بين الممرضات العاملات بمختلف مستشفيات مدينة سوهاج
260 _aCairo :
_bHind Ismail Ali Mohammed ,
_c2017
300 _a156 , 14 Leaves :
_bcharts ;
_c30cm
502 _aThesis (M.Sc.) - Cairo University - Faculty of Nursing - Department of Nursing Services Administration
520 _aBackground: The intention of nurses for career change can have negative consequences on how health-care systems and organizations function. At a time of current nursing shortage, it is important to understand the reasons why nurses intend to leave the profession. Decision to leave might be indicative that nurses are not committed to their profession. Aim: This study aimed to explore the factors contributing to career change among nurses working at different Sohag city hospitals. Subject and Methods: Descriptive exploratory design was adopted to conduct this study. The study was conducted at the Main three governmental hospitals in Sohag city. The study participants were (250) all categories of nursing staff from all age categories and different educational levels. Tools: Career Satisfaction questionnaire and Anticipated Career Change questionnaire were used for data collection. Results: Based on the analysis of the participant`s responses, the result revealed that there was a highly significant negative correlations between career change decision and cultural satisfaction (r= -0.279, p = 0.000). Conclusion: The study revealed that the majority of study participants were dissatisfied with nursing career. Moreover, there was a significant negative correlation between career change decision and total Career Satisfaction. Recommendations: Nursing faculties, schools of nursing and nursing managers can use this knowledge to understanding predictors of career change among nurses which help them to formulate strategic plans to maximize nurse{u2019}s attraction and retention in the workforce
530 _aIssued also as CD
653 4 _aCareer change
653 4 _aCareer satisfaction
653 4 _aNursing shortage
700 0 _aMahasen Ismail Abdelmegeed ,
_eSupervisor
700 0 _aNadia Mohamed Ali Saleh ,
_eSupervisor
856 _uhttp://172.23.153.220/th.pdf
905 _aNazla
_eRevisor
905 _aShimaa
_eCataloger
942 _2ddc
_cTH
999 _c65968
_d65968